02267nam a2200241Ia 450000500170000000800410001704000440005804100080010208200150011010000340012524500910015926000540025030000360030450006720034050400410101250507270105350600210178065000330180165000240183465000330185865100320189185601020192320170719143921.0130821s1918 xxu fr 1 spa d aCo-BoUCMbspacSandra YazodSandra Yazo0 aspa04a336.862201 aJaramillo, Esteband1874-194713aLa reforma tributaria en Colombia.bUn problema fiscal y socialcpor Esteban Jaramillo aNueva York (Estados Unidos)bLisiegri Pressc1918 a284, [3] páginasc21 x 14 cm. aDetalles físicos: Encuadernación flexible en cartulina, lomo en tela, notoria suciedad, residuos de cinta pegante. Tapa delantera con datos de publicación impresos y enmarcados en un doble recuadro. Guardas, la delantera con una dedicatoria manuscrita. Portada impresa en una sola tinta. Erratas, en papel que difiere en color y tamaño. Texto impreso en una sola columna, varios tipos y tamaños de letra. Papel con notoria mancha de humedad en el corte inferior. Ej. 2 Encuadernación rígida en cartón forrado en tela, tapa delantera con datos de publicación impresa en dorado. Notoria mancha en tapas. Guarda delantera con una dedicatoria manuscrita aIncluye referencias bibliográficas0 aIntroducción ; La misión fiscal del Estado y el aumento de los gastos públicos ; Reseña histórico-crítica de los sistemas tributarios ; Concepto del impuesto y principios fiscales y económicos aplicables a él ; El sistema rentístico de Colombia ; Historia de los impuestos sobre la renta ; La renta gravable y la tasación del impuesto ; Conclusiones prácticas ; Proyecto de ley para la creación del impuesto sobre la renta -- Proyecto de ley por la cual se establece como recurso fiscal nacional el impuesto sobre la renta: Creación del impuesto ; Clasificación y definición de la renta ; Deducciones de la renta ; Ratas del impuesto ; Tasación y recaudo del impuesto ; Disposiciones varias aConsulta en sala 7aDerecho tributariozColombia 7aImpuestoszColombia 7aReforma tributariazColombia04aColombiaxPolítica fiscal4 uhttps://babel.hathitrust.org/cgi/pt?id=njp.32101046045181;view=1up;seq=288zDisponible en línea